Biện pháp quản hoạt động thanh tra tại học viện Chính trị - Hành chính khu vực III
Cơ sở lý luận về thanh tra và quản lý hoạt động thanh tra tại các học viện Chính trị - Hành chính. Thực trạng công tác thành tra và quản lý hoạt động thanh tra tại học voeẹn Chính trị - Hành chính khu vực III. Biện pháp quản lý hoạt động thanh tra tại học viện Chính trị - Hành chính khu vực III_Tron...
Αποθηκεύτηκε σε:
| Κύριος συγγραφέας: | |
|---|---|
| Άλλοι συγγραφείς: | |
| Μορφή: | Βιβλίο |
| Γλώσσα: | Vietnamese |
| Έκδοση: |
Đà Nẵng
Đại học Đà Nẵng
2011
|
| Θέματα: | |
| Ετικέτες: |
Προσθήκη ετικέτας
Δεν υπάρχουν, Καταχωρήστε ετικέτα πρώτοι!
|
| Thư viện lưu trữ: | Mạng thư viện Đại học Đà Nẵng |
|---|
| LEADER | 01846nam a2200349 4500 | ||
|---|---|---|---|
| 001 | 000010739 | ||
| 003 | 6953 | ||
| 005 | 20111220081250.0 | ||
| 008 | 111220s2011 viesd | ||
| 041 | |a vie | ||
| 072 | |a Luận văn Thạc sĩ khoa học giáo dục | ||
| 082 | |a 379.15 |b TR-Đ | ||
| 100 | 1 | |a Trương Quốc Đạt | |
| 245 | 1 | |a Biện pháp quản hoạt động thanh tra tại học viện Chính trị - Hành chính khu vực III |c Trương Quốc Đạt | |
| 260 | |a Đà Nẵng |b Đại học Đà Nẵng |c 2011 | ||
| 300 | |a 108 tr. |c 29 cm |e 1 tóm tắt | ||
| 500 | |a Luận văn Thạc sĩ Khoa học giáo dục. Chuyên ngành: Quản lý giáo dục. Mã số: 60.14.05 | ||
| 520 | |a Cơ sở lý luận về thanh tra và quản lý hoạt động thanh tra tại các học viện Chính trị - Hành chính. Thực trạng công tác thành tra và quản lý hoạt động thanh tra tại học voeẹn Chính trị - Hành chính khu vực III. Biện pháp quản lý hoạt động thanh tra tại học viện Chính trị - Hành chính khu vực III_Trong giai đoạn hiện nay. | ||
| 653 | |a Vai trò hoạt động của Thanh tra | ||
| 653 | |a Luận văn Thạc sĩ Khoa học giáo dục | ||
| 653 | |a Học viện Chính trị - Hành chính khu vực III | ||
| 700 | 1 | |a Huỳnh Thị Thu Hằng |c TS |e Hướng dẫn | |
| OWN | |a LSP | ||
| AVA | |a UDN50 |b LSP |d 379.15 TR-Đ |e available |t Error 5001 Not defined in file expand_doc_bib_avail. |f 1 |g 0 |h N |i 0 |k 1 | ||
| 999 | |a From the UDN01 | ||
| AVA | |a UDN50 |b LSP |d 379.15 TR-Đ |e available |t Error 5001 Not defined in file expand_doc_bib_avail. |f 1 |g 0 |h N |i 0 |k 1 | ||
| TYP | |a Monograph | ||
| TYP | |a Printed language | ||
| 980 | |a Mạng thư viện Đại học Đà Nẵng | ||